Biblioteka Instytutu Północnego w Olsztynie

Widok standardowy Widok MARC

Pozycja Personal Name

Liczba rekordów, w których użyto hasła: 1

001 - Numer kontrolny

  • control field: 39525

003 - Identyfikator numeru kontrolnego

  • control field: NUKAT

005 - Data i czas ostatniej modyfikacji

  • control field: 20260407123108.0

008 - Dane kontrolne kodowane (40 znaków)

  • fixed length control field: 190912n||a|znnaabn |a aaa |c

010 ## - Numer kontrolny Biblioteki Kongresu

  • numer kontrolny LC: n 2019123845

040 ## - Instytucja sporządzająca rekord

  • inst. przygot. dane do rek. khw: KAT U/JP
  • język haseł przedmiotowych/tezaurus: kaba
  • inst. wprow. rek. khw: KAT U/JP

043 ## - Kod obszaru geograficznego

  • ISO code: PL

046 ## - Special dates

  • Birth date: 1897
  • Death date: 1940

100 1# - Hasło - nazwa osobowa

  • nazwa osobowa w formie ujednoliconej: Rożek, Tadeusz
  • daty biograficzne: (1897-1940).

370 ## - Associated place

  • Place of birth: Przemyśl (Polska).
  • Auth control #: http://nukat.edu.pl/aut/s 94114822
  • Source of term: kaba

370 ## - Associated place

  • Country: Polska.
  • Auth control #: http://nukat.edu.pl/aut/s 94110000
  • Source of term: kaba

372 ## - Field of activity

  • Field: Fotografia wojenna.
  • Auth control #: http://nukat.edu.pl/aut/s 2003110534
  • Source of term: kaba

374 ## - Occupation

  • Occupation: Fotograficy.
  • Auth control #: http://nukat.edu.pl/aut/s 99083793
  • Source of term: kaba

374 ## - Occupation

  • Occupation: Oficerowie.
  • Auth control #: http://nukat.edu.pl/aut/s 98051747
  • Source of term: kaba

375 ## - Gender

  • Gender: 1
  • Source of term: iso5218

377 ## - Assoc lang

  • Lang code: pol

400 1# - Trop zob. - nazwa osobowa

  • nazwa osobowa (nazwisko, imiona): Rożek, Tadeusz Wiktor.

670 ## - Źródło informacji

  • źródło informacji: Tadeusz Rożek - oficer i fotograf / Zenon Harasym. - Wrocław ; Warszawa, 2019.

670 ## - Źródło informacji

  • źródło informacji: BNPol online, 12.09.2019
Biblioteka Instytutu Północnego, ul. Partyzantów 87, 10-402 Olsztyn, email: biblioteka(at)ip.olsztyn.pl